Max Weber : apuntes sobre una trayectoria intelectual /

El presente libro consta de tres partes. En la primera, Honigsheim sitúa la vida y obra de Weber en su contexto histórico. En la segunda y tercera parte, se presenta de forma sistemática los elementos básicos del sistema de ideas de Weber. conjunto, esta obra constituye una útil contribución al estu...

Ausführliche Beschreibung

Gespeichert in:
Bibliographische Detailangaben
1. Verfasser: Honigsheim, Paul (autor)
Format: Buch
Sprache:Spanisch
Veröffentlicht: Buenos Aires, Argentina : Paidós, 1977
Schriftenreihe:(Biblioteca de Psicología Social y Sociología. Serie Mayor ; 1)
Schlagworte:
Tags: Tag hinzufügen
Keine Tags, Fügen Sie das erste Tag hinzu!

MARC

LEADER 00000nam^a2200000^a^4500
001 000000414
005 20250521000000.0
009 20260310083027.989
037 |a Acervo ITESO - Biblioteca 
041 |a ESP 
082 |a 301. 092  |b HON 
100 |a Honigsheim, Paul  |e (autor) 
245 1 0 |a Max Weber :  |b apuntes sobre una trayectoria intelectual /  |c P. Honigsheim ; tr. por Nuria C. de Kohan. 
264 1 |a Buenos Aires, Argentina :  |b Paidós,  |c 1977 
300 |a 124 p. 
336 |a texto  |b txt  |2 rdacontenido 
337 |a sin mediación  |b n  |2 rdamedio 
338 |a volumen  |b nc  |2 rdasoporte 
440 1 |a (Biblioteca de Psicología Social y Sociología.  |p Serie Mayor ;  |v 1) 
500 |a Traducción de: On Max Weber 
520 |a El presente libro consta de tres partes. En la primera, Honigsheim sitúa la vida y obra de Weber en su contexto histórico. En la segunda y tercera parte, se presenta de forma sistemática los elementos básicos del sistema de ideas de Weber. conjunto, esta obra constituye una útil contribución al estudio de la formación del pensamiento de Max Weber. 
649 |a XX 
650 |a Sociología -  |x Teoría 
650 |a Sociólogos Alemanes -  |x Biografías 
650 |a Weberanismo 
910 |a Fondo General 
920 |a Impresos - Libros 
930 |a Colección General 
905 |a 101 
901 |a 0004140100  |b IT1  |c ACC  |i 000414  |u 20250521 
902 |a https://opac.biblio.iteso.mx/vufind/Record/000000414